LEADER 01199nam a2200277 4500 001 000000358033 003 CaOOAMICUS 005 20240506120319.0 008 240415s1994 it 000 u ita r 020 $a88-215-2827-8 040 $aSeMil$bita 240 00$aBhagavadg?t?.$0(OLS)http://semarc/title/152329 245 00$aBhagavad-g?t? : $bil canto del glorioso Signore /$cedizione italiana a cura di Stefano Piano. 264 1$aCinisello Balsamo :$bSan Paolo,$c1994. 300 $a383 p. ;$c22 cm 490 1 $aClassici del pensiero religioso ;$v3 500 $aTit. anche in sanscrito 700 1 $aPiano, Stefano,$d<1941- >.$0(OLS)http://semarc/name/47764 830 0$aClassici del pensiero religioso ;$v3.$0(OLS)http://semarc/title/27748 850 $aSeMil 852 $aSeMil$W1$xVenegono$y1$m2R IV 360$j247905$B249152$CSeMilBibl$Z2$F249152 $81 961 $aCitrini don Tullio - Omaggio 996 $6020$a88-215-2827-8$9(OLS)http://semarc/number/300236 996 $6245$aBhagavad-g?t? : $bil canto del glorioso Signore$9(OLS)http://semarc/title/448307 996 $6264$aCinisello Balsamo :$bSan Paolo$9(OLS)http://semarc/publisher/30129 LEADER 01587nam a2200289 i 4500 001 000000039774 003 CaOOAMICUS 005 20060728000000.0 008 060728s1991 it u000 u ita u 013 $a10930 020 $a88-213-0228-8 040 $aSeMil$bita 245 13$aLa mariologia nella catechesi dei Padri (Età postnicena) :$bConvegno di studio e aggiornamento, Facoltà di Lettere cristiane e classiche (Pontificium Institutum Altioris Latinitatis), Roma, 10-11 marzo 1989, 25. della Facoltà /$ca cura di Sergio Felici. 260 $aRoma :$bLAS,$ccopyr. 1991. 300 $a324 p. ;$c24 cm. 490 0 $aBiblioteca di scienze religiose ;$v95 490 0 $aStudi, testi, commenti patristici 650 4$aMariologia - Storia.$0(OLS)http://semarc/subject/2907 700 1 $aFelici, Sergio .$0(OLS)http://semarc/name/16756 830 0$aBiblioteca di scienze religiose ;$v95.$0(OLS)http://semarc/title/239 830 0$aStudi, testi, commenti patristici.$0(OLS)http://semarc/title/10877 850 $aSeMil 852 $aSeMil$W1$xVenegono$y1$m2UA C 95$j228523$B5929$CSeMilBibl$Z2$F5929 $81 961 $aAcquisto: Distributore 996 $6020$a88-213-0228-8$9(OLS)http://semarc/number/9608 996 $6245$aLa mariologia nella catechesi dei Padri (Età postnicena) :$bConvegno di studio e aggiornamento, Facoltà di Lettere cristiane e classiche (Pontificium Institutum Altioris Latinitatis), Roma, 10-11 marzo 1989, 25. della Facoltà$9(OLS)http://semarc/title/56836 996 $6260$aRoma :$bLAS$9(OLS)http://semarc/publisher/29900